000 00506nam a2200193Ia 4500
005 20250326145456.0
008 250326s9999 xx 000 0 und d
037 _aTextbook
040 _aFMSL
_beng
_cFMSL
041 _aeng
_2eng
084 _qFMSL
100 _aLomas T
_9751231
245 0 _aApplied positive psychology
_cLomas T And Others
260 _aNew Delhi
_bNew Delhi, Sage
_c2014
365 _b2593.1999999999998
650 _aManagement
942 _cTB
999 _c1307707
_d1307707